000 00992nam a22003017a 4500
003 CHAP
005 20220329143817.0
008 110921s gw a r 00010 spa d
010 _a102165
011 _a103137
035 _a113826
040 _cCHAP
090 _aFolleto 18065
110 2 _aBASF. Aktiengesellschaft
_910685
245 1 0 _aPerfekthion :
_binsecticida de acción sistémica
_c/por BASF Aktiengesellschaft
260 _aLudwigshafen, Alem. :
_bBASF Aktiengesellschaft,
_c[199?]
300 _a27 p. :
_bilus.
590 _aBATCH-UPD
_b10
_c20130110
_lUCH01
_h1557
590 _aBATCH-UPD
_b10
_c20130410
_lUCH01
_h0954
590 _aBATCH-UPD
_b10
_c20130914
_lUCH01
_h1647
590 _aCONVERSION
_b10
_c20130109
_lUCH01
_h1356
650 1 4 _aInsecticidas sistémicos.
_958886
650 1 4 _aProductos químicos.
_992217
650 1 4 _aSanidad vegetal.
_9102224
901 _aBK
942 _cFOLL
949 _aFolleto 18065
_bBC
_cFOLL
_d33724002307876
_eTS1
_gDonaciØn
_i113826
_sb
999 _c102165
_d102165